| 000 | 00905nam a2200229 a 4500 | ||
|---|---|---|---|
| 001 | 000044772 | ||
| 005 | 20201002045621.0 | ||
| 008 | 150109s2010 dr bd 000 0 spa d | ||
| 020 | _a9789945131420 | ||
| 040 |
_aDO-SdBNP _bspa _cBNPHU |
||
| 245 | 0 | 0 | _aEstudio Socio-Económico para el ordenamiento Territoriala del Municipio de Santiago. |
| 260 |
_aSantiago de los Caballeros, República Dominicana, : _bFundación DEMUCA, _c2010. |
||
| 300 |
_axxxvi, 439 p. : _bmapa, diagr. ; _c28 cm. |
||
| 504 | _aBibliografía p: 413-422 | ||
| 500 | _aIncluye lista de cuadros | ||
| 500 | _aIncluye lista de gráficos | ||
| 500 | _aIncluye índice de mapas | ||
| 500 | _aIncluye lista de siglas | ||
| 500 | _aIncluye listado personas contactadas | ||
| 500 | _aIncluye mapas | ||
| 710 | 1 |
_aFundación para el Desarrrollo local y el fortalecimiento Municipal e institucional de Centroamerica y el Caribe _972785 |
|
| 999 |
_c44261 _d44261 |
||